000 01030nam a22003257a 4500
001 BR8302400
003 BR-BrBNA
005 20230928091646.0
007 ta
008 230509b bl.||||| |||| 00| 0 por d
040 _aBR-BrBNA
_bpor
_cBiblioteca Nacional de Agricultura
041 _a(Por)
072 _aC00; E30; P12
_b/G514
090 _ C00 BR8302400
110 1 _aMinisterio do Interior, Brasilia, DF (Brasil);
_97113
110 1 _aIICA, Rio de Janeiro, RJ (Brasil)
_95562
245 1 _aPrograma de capacitacao de recursos humanos para agricultura irrigada no norte fluminense, periodo abril/83 - marco/84 [Rio de Janeiro, Brasil]
260 3 _aRio de Janeiro, RJ (Brasil):
_c1983.
300 _a42 p.
650 _aPROJETO DE DESENVOLVIMENTO
650 _aCULTURA IRRIGADA
650 _aIRRIGACAO
650 _aSISTEMA DE PRODUCAO
650 _aRECURSO HUMANO
650 _aCURSO
650 _aPROGRAMA EDUCACIONAL
650 _aRIO DE JANEIRO
909 _a202309
_bLucia
_c55
_dLucia Elande
942 _cBK
999 _c34877
_d34877